Multiple Choice City Quiz – Hagåtña - Statistics

General Stats
  • This quiz has been taken 8 times
  • The average score is 2 of 10
Answer Stats
Question Answer % Correct
What was the former name of Hagåtña? Agaña
43%
Paseo stadium is mostly used for what sport? Baseball
43%
In July of 1991, 20 Chamorro activists gathered at Latte Stone Park to protest for what? Independence
43%
Which of these cities is a sister city to Hagåtña? Quezon City
43%
The Guam Congress Walkout in the Guam Congress Building was a protest against who? US Navy
29%
What is the first church on Hagåtña, and Guam in general? Dulce Nombre de Maria Cathedral-Basilica
14%
Hagåtña has a similar climate to... The Amazon
14%
What does Hagåtña mean in Chamorro? Blood
0%
When the Japanese captured Hagåtña, they renamed it Akashi, meaning... Bright Stone
0%
Where was the original location for the Guam Museum going to be? Fort Santa Agueda
0%
No matching quizzes found
Score Distribution
Percent of People with Each Score
Percentile by Number Answered
Your Score History
You have not taken this quiz